<?xml version="1.0" encoding="UTF-8"?>
<record
    xmlns:xsi="http://www.w3.org/2001/XMLSchema-instance"
    xsi:schemaLocation="http://www.loc.gov/MARC21/slim http://www.loc.gov/standards/marcxml/schema/MARC21slim.xsd"
    xmlns="http://www.loc.gov/MARC21/slim">

  <leader>01602nam a22002297a 4500</leader>
  <controlfield tag="003">OSt</controlfield>
  <controlfield tag="005">20260619115004.0</controlfield>
  <controlfield tag="008">260619b        |||||||| |||| 00| 0 eng d</controlfield>
  <datafield tag="020" ind1=" " ind2=" ">
    <subfield code="a">9788171773817</subfield>
  </datafield>
  <datafield tag="040" ind1=" " ind2=" ">
    <subfield code="c">AL</subfield>
  </datafield>
  <datafield tag="041" ind1=" " ind2=" ">
    <subfield code="a">English</subfield>
  </datafield>
  <datafield tag="082" ind1=" " ind2=" ">
    <subfield code="a">346.0486</subfield>
    <subfield code="b">NARP</subfield>
  </datafield>
  <datafield tag="100" ind1=" " ind2=" ">
    <subfield code="a">P Narayanan</subfield>
    <subfield code="9">265752</subfield>
  </datafield>
  <datafield tag="245" ind1=" " ind2=" ">
    <subfield code="a">Patent Law</subfield>
  </datafield>
  <datafield tag="250" ind1=" " ind2=" ">
    <subfield code="a">4</subfield>
  </datafield>
  <datafield tag="260" ind1=" " ind2=" ">
    <subfield code="a">New Delihi</subfield>
    <subfield code="b">Eastern Law House</subfield>
    <subfield code="c">2023</subfield>
  </datafield>
  <datafield tag="300" ind1=" " ind2=" ">
    <subfield code="a">1041p.</subfield>
    <subfield code="b">PB</subfield>
    <subfield code="c">24x16 cm</subfield>
  </datafield>
  <datafield tag="365" ind1=" " ind2=" ">
    <subfield code="a">1791</subfield>
    <subfield code="b">1200.85</subfield>
    <subfield code="c"> &#x20B9;</subfield>
    <subfield code="d">1645</subfield>
    <subfield code="e">27%</subfield>
    <subfield code="f">14-03-2025</subfield>
  </datafield>
  <datafield tag="520" ind1=" " ind2=" ">
    <subfield code="a">Patent Law by P. Narayanan, published by Eastern Law House, is an authoritative and comprehensive reference for legal professionals, law students, and intellectual property practitioners. This Fourth Edition has been thoroughly revised and updated to incorporate the latest amended statutes, making it an indispensable resource for anyone seeking a thorough understanding of patent law. Presented in its original, authentic, and unabridged form, this hardcover volume ensures that readers have access to the complete and unaltered text. Whether you are a practising advocate, a law student, or a corporate professional dealing with intellectual property matters, this book provides clear and detailed insights into the complexities of patent legislation. Its well-organised structure and precise language make it easy to navigate through intricate legal provisions and case references. A must-have addition to any legal library, this edition reflects the most current state of patent law and serves as a reliable guide for research and practice.</subfield>
  </datafield>
  <datafield tag="650" ind1=" " ind2=" ">
    <subfield code="2">Patent Law </subfield>
  </datafield>
  <datafield tag="942" ind1=" " ind2=" ">
    <subfield code="2">ddc</subfield>
    <subfield code="c">BK</subfield>
  </datafield>
  <datafield tag="999" ind1=" " ind2=" ">
    <subfield code="c">241511</subfield>
    <subfield code="d">241511</subfield>
  </datafield>
  <datafield tag="952" ind1=" " ind2=" ">
    <subfield code="0">0</subfield>
    <subfield code="1">0</subfield>
    <subfield code="2">ddc</subfield>
    <subfield code="4">0</subfield>
    <subfield code="7">0</subfield>
    <subfield code="8">Law</subfield>
    <subfield code="a">LL</subfield>
    <subfield code="b">LL</subfield>
    <subfield code="d">2026-06-18</subfield>
    <subfield code="e">MPP House</subfield>
    <subfield code="g">444.15</subfield>
    <subfield code="l">0</subfield>
    <subfield code="o">346.0486 NARP</subfield>
    <subfield code="p">LL002815</subfield>
    <subfield code="r">2026-06-19 11:56:27</subfield>
    <subfield code="v">1645.00</subfield>
    <subfield code="w">2025-03-14</subfield>
    <subfield code="y">BK</subfield>
  </datafield>
</record>
